000 00790cam a2200241 a 4500
001 000019088
003 UkOxU
005 20200929165922.0
008 810915s1961 nyu b 001 0 eng d
040 _aDO-SdBNP
_beng
_cOxford
_dBNPHU
041 1 _aeng
_hfre
_2Código de idioma MARC
082 _ann*
_bP667m
100 1 0 _aPirenne, Henri,
_d1862-1935.
_941073
245 1 0 _aMohammed and Charlemagne /
_cHenri Pirenne ; prólogo Jacques Pirenne.
260 0 _aNew York :
_bMeridian Books,
_c1961.
300 _a293 p. ;
_c19 cm.
500 _aIncluye notas bibliográficas e índice.
651 0 _aEurope
_xHistory
_y392-814.
_941074
651 0 _aIslamic Empire
_xHistory.
_941075
700 1 _aPirenne, Jacques,
_epról.
_940644
910 _aCatalogación derivada /Oxford
049 _aBNGR
999 _c18606
_d18606